00563cam a22002291 4500001001300000003000400013005001700017008004100034010001700075025002000092035002000112040002100132042001200153050002100165100002600186245002100212260001100233300002600244500001800270500002800288999001700316sa 67005732 DLC20260227112400.0950208s1966 ii 000 0 malo  asa 67005732  aPL480:I-Mal-944 a(OCoLC)31955855 aDLCcCUdCUdDLC apremarc00aPL4718.9.V27bT51 aVarier, V. S.,d1935-10aTiramālakaḷ. c[1966] a2, ii, 197 p.c18 cm. aIn Malayalam. aAdded t. p. in English. c75405d75405